000 01096cam a2200313 i 4500
001 67483
003 Mx-PuUPA
005 20220504162456.0
008 170621s1997 ag gr 000 0 spa d
020 _a9789506411268
040 _erda
_aMx-PuUPA
_bspa
_cMx-PuUPA
_dMx-PuUPA
041 1 _aspa
_heng
100 1 _aKouzes, James M.,
_d1945-
_eautor
_96189
245 1 3 _aEl desafío del liderazgo :
_bcómo obtener permanentemente logros extraordinarios /
_cJames M. Kouzes, Barry Z. Posner ; traducción de Adriana Oklander
250 _aPrimera edición
264 1 _aBuenos Aires :
_bEdiciones Granica,
_c1997
300 _a524 páginas ;
_c22 cm.
336 _atexto
_2rdacontent
_btxt
337 _asin medio
_2rdamedia
_bn
338 _avolumen
_2rdacarrier
_bnc
490 0 _aManagement (Granica). Liderazgo
500 _aPublicado en diferentes reimpresiones.
650 4 _aLiderazgo
700 1 _aPosner, Barry Z.,
_eautor
_94819
700 1 _aOklander, Adriana,
_etraductor
942 _h658.4092
_iK88
_cLI
_2ddc
999 _c67483
_d67483